| 000 | 00892cam a22002651 4500 | ||
|---|---|---|---|
| 001 | 5980421 | ||
| 003 | OSt | ||
| 005 | 20230626085456.0 | ||
| 008 | 720710s1941 enkab b 000 0 eng c | ||
| 010 | _aa 42000568 | ||
| 035 | _a(OCoLC)351500 | ||
| 040 |
_aHarvard Univ. Library _cOClU _dOCoLC _dNBrockU _dDLC |
||
| 042 | _apremarc | ||
| 082 |
_a330.968 _bKIE |
||
| 100 | 1 |
_aDe Kiewiet, C. W. _q(Cornelius William), _d1902-1986. |
|
| 245 | 1 | 2 |
_aA history of South Africa, _bsocial & economic. _cBy C.W. de Kiewiet. |
| 260 |
_aOxford, _bThe Clarendon Press, _c1941. |
||
| 300 |
_axii, 292 p. _bincl. illus. (2 maps) 2 diagr. _c23 cm. |
||
| 504 | _a"Select bibliography": p.[xi]-xii. | ||
| 651 | 0 |
_aSouth Africa _xHistory. |
|
| 651 | 0 |
_aSouth Africa _xSocial conditions. |
|
| 651 | 0 |
_aSouth Africa _xEconomic conditions. |
|
| 906 |
_a7 _bcbc _coclcrpl _du _encip _f19 _gy-gencatlg |
||
| 942 |
_2ddc _cBK |
||
| 999 |
_c2592 _d2592 |
||